[Event "GBR-ch 111th"]
[Site "Liverpool"]
[Date "2025.08.07"]
[Round "6.13"]
[White "Makkar, Rajat"]
[Black "Mirzoeva, Elmira"]
[Result "1/2-1/2"]
[WhiteElo "2406"]
[BlackElo "2282"]
[PlyCount "84"]
[EventDate "2025.08.02"]
[EventType "swiss"]
[EventRounds "9"]
[EventCountry "GBR"]
[SourceTitle "BritBase"]
[Source "John Saunders"]
[SourceDate "2025.08.11"]
[SourceVersion "1"]
[SourceVersionDate "2025.08.11"]
[SourceQuality "1"]

1. d4 d5 2. c4 c6 3. e3 Nf6 4. Nc3 e6 5. b3 Bb4 6. Bb2 b6 7. Bd3 Bb7 8. Nf3 O-O 9. O-O Nbd7 10. Ne2 Ne4 11. Qc2 f5 12. Nf4 Qe7 13. Be2 Bd6 14. Nd3 c5 15. Rad1 Rac8 16. dxc5 Ndxc5 17. Nxc5 Bxc5 18. Qb1 f4 19. exf4 Rxf4 20. Be5 Rf5 21. Bd4 dxc4 22. bxc4 Bxd4 23. Rxd4 Nc3 24. Qb2 e5 25. Rd3 e4 26. Rxc3 exf3 27. Bxf3 Bxf3 28. Rxf3 Rxf3 29. gxf3 Qg5+ 30. Kh1 Qf4 31. Qe2 Qxc4 32. Re1 Qxe2 33. Rxe2 Rc3 34. Kg2 Ra3 35. Kg3 Kf7 36. Rd2 b5 37. Kg4 a5 38. f4 Ke6 39. h4 b4 40. h5 a4 41. Rd4 Rxa2 42. Rxb4 Rxf2 1/2-1/2

[Event "GBR-ch 111th"]
[Site "Liverpool"]
[Date "2025.08.07"]
[Round "6.14"]
[White "Vijayakumar, Rishi"]
[Black "Clarke, Brandon Gi"]
[Result "1-0"]
[WhiteElo "2310"]
[BlackElo "2491"]
[PlyCount "83"]
[EventDate "2025.08.02"]
[EventType "swiss"]
[EventRounds "9"]
[EventCountry "GBR"]
[SourceTitle "BritBase"]
[Source "John Saunders"]
[SourceDate "2025.08.11"]
[SourceVersion "1"]
[SourceVersionDate "2025.08.11"]
[SourceQuality "1"]

1. d4 Nf6 2. c4 g6 3. Nc3 Bg7 4. e4 d6 5. Be2 O-O 6. Be3 Nc6 7. d5 Ne5 8. f4 Neg4 9. Bd2 Nh6 10. Nf3 c6 11. O-O Nfg4 12. Qb3 f5 13. e5 dxe5 14. fxe5 f4 15. e6 b5 16. cxb5 cxd5 17. Nxd5 Bb7 18. Nxe7+ Qxe7 19. Bb4 Qf6 20. Bxf8 Kxf8 21. Rad1 Ne3 22. Rd7 Bc8 23. Rc1 Bxd7 24. exd7 Rd8 25. Rc8 Nf7 26. Bc4 Nd6 27. Be6 Nxc8 28. dxc8=Q Rxc8 29. Qb4+ Ke8 30. Bxc8 Qb6 31. Qe4+ Kd8 32. Qe6 Qxb5 33. Ba6 Qc5 34. Qg8+ Bf8 35. Nd4 Qc1+ 36. Kf2 Ng4+ 37. Kf3 Qd1+ 38. Be2 Nxh2+ 39. Ke4 Qb1+ 40. Ke5 Ng4+ 41. Bxg4 Qe1+ 42. Be2 1-0

[Event "GBR-ch 111th"]
[Site "Liverpool"]
[Date "2025.08.07"]
[Round "6.15"]
[White "Shearsby, Jude"]
[Black "Waldhausen Gordon, Frederick"]
[Result "1/2-1/2"]
[WhiteElo "2270"]
[BlackElo "2393"]
[PlyCount "80"]
[EventDate "2025.08.02"]
[EventType "swiss"]
[EventRounds "9"]
[EventCountry "GBR"]
[SourceTitle "BritBase"]
[Source "John Saunders"]
[SourceDate "2025.08.11"]
[SourceVersion "1"]
[SourceVersionDate "2025.08.11"]
[SourceQuality "1"]

1. e4 e5 2. Nf3 Nc6 3. d4 exd4 4. Bc4 Nf6 5. e5 Ne4 6. Qe2 Nc5 7. O-O Ne6 8. Bxe6 dxe6 9. Rd1 Be7 10. Nc3 O-O 11. Nb5 Bd7 12. Nbxd4 Qe8 13. c3 a6 14. h4 f5 15. exf6 Bxf6 16. Nb3 b6 17. Qe4 e5 18. Be3 Qe6 19. Bg5 Rae8 20. Nbd2 Ne7 21. Qe2 a5 22. Ne4 Nf5 23. Qc2 Bc6 24. Re1 Nd6 25. Nfd2 Kh8 26. Re3 Qf5 27. Bxf6 gxf6 28. Rae1 Rg8 29. Qd3 Nxe4 30. Nxe4 Rg4 31. Qc4 Qe6 32. Qxe6 Rxe6 33. g3 h6 34. f3 Rg8 35. Kf2 Rd8 36. g4 Bxe4 37. Rxe4 Red6 38. g5 Rd2+ 39. R1e2 Rxe2+ 40. Kxe2 hxg5 1/2-1/2

[Event "GBR-ch 111th"]
[Site "Liverpool"]
[Date "2025.08.07"]
[Round "6.16"]
[White "Kalavannan, Koby"]
[Black "Badacsonyi, Frankie"]
[Result "1-0"]
[WhiteElo "2323"]
[BlackElo "2193"]
[PlyCount "335"]
[EventDate "2025.08.02"]
[EventType "swiss"]
[EventRounds "9"]
[EventCountry "GBR"]
[SourceTitle "BritBase"]
[Source "John Saunders"]
[SourceDate "2025.08.11"]
[SourceVersion "1"]
[SourceVersionDate "2025.08.11"]
[SourceQuality "1"]

1. Nf3 d5 2. b3 Nf6 3. Bb2 Bf5 4. Nh4 Bg4 5. h3 Bh5 6. g4 Bg6 7. d3 e6 8. Bg2 Bd6 9. Nd2 O-O 10. e3 Nfd7 11. Nxg6 hxg6 12. Qe2 c6 13. h4 Qe7 14. a3 e5 15. c4 dxc4 16. Nxc4 Nc5 17. Qc2 Rd8 18. Nxd6 Qxd6 19. Rd1 Nba6 20. b4 Ne6 21. Qc3 f6 22. Be4 g5 23. Qc4 gxh4 24. Rxh4 Kf7 25. Ke2 Rh8 26. Rxh8 Rxh8 27. d4 Rd8 28. d5 Ke7 29. Rd3 cxd5 30. Rxd5 Qc7 31. Qxc7+ Naxc7 32. Ra5 b5 33. Rxa7 Kd7 34. a4 bxa4 35. Rxa4 Rb8 36. Bc3 Nb5 37. Bd2 Nec7 38. Bf5+ Kc6 39. Ra1 Nd6 40. Rc1+ Kb7 41. Bd7 Rd8 42. Ba4 Ndb5 43. Rh1 Kb6 44. Bb3 Nd6 45. Rh7 Rd7 46. Rh8 Na6 47. Ba4 Rc7 48. f3 Nb5 49. Kd3 Rd7+ 50. Ke2 Rc7 51. Bxb5 Kxb5 52. g5 e4 53. gxf6 exf3+ 54. Kxf3 gxf6 55. Rh5+ Kc4 56. Rh4+ Kd5 57. Rh5+ Ke6 58. Rb5 Rc6 59. Rb7 Nc7 60. Ke4 Ne8 61. Rb8 Nd6+ 62. Kd3 Kd5 63. Bc3 f5 64. Bd4 Ra6 65. Rd8 Ra3+ 66. Kc2 Kc6 67. Rf8 Nc4 68. b5+ Kxb5 69. Rxf5+ Ka6 70. Rf6+ Kb7 71. Re6 Kc7 72. Bc3 Kd7 73. Re4 Nb6 74. Bb4 Ra2+ 75. Kd3 Nd5 76. Rd4 Ke6 77. Bd2 Ra3+ 78. Ke4 Nf6+ 79. Kf3 Nd5 80. Re4+ Kf6 81. Bc1 Rb3 82. Rh4 Ke6 83. Rh6+ Kf5 84. Rh5+ Ke6 85. Bd2 Rd3 86. Ke2 Rb3 87. Rh8 Nf6 88. Ra8 Nd5 89. Re8+ Kd7 90. Re5 Kd6 91. Rg5 Ke6 92. Kf3 Rd3 93. Rg2 Kf5 94. Ke2 Rb3 95. Rg3 Ke4 96. Rg4+ Ke5 97. Rc4 Nb6 98. Bc3+ Kd5 99. Rd4+ Ke6 100. Re4+ Kd5 101. Re5+ Kd6 102. Bd4 Nd5 103. Rg5 Ke6 104. Kf3 Rb1 105. Re5+ Kd6 106. Rh5 Rf1+ 107. Ke2 Rb1 108. Rh6+ Ke7 109. Kf3 Nc7 110. Rh7+ Kd6 111. Ke4 Rb5 112. Bf6 Ke6 113. Bd4 Kd6 114. Kd3 Ne6 115. Bc3 Rd5+ 116. Kc2 Rg5 117. e4 Rg3 118. Rh5 Re3 119. Rh4 Ng5 120. Rh6+ Kd7 121. Bd2 Rg3 122. e5 Ne6 123. Bc3 Re3 124. Kb3 Nd4+ 125. Kc4 Nc6 126. Rd6+ Kc7 127. Rd5 Ne7 128. Ba5+ Kb8 129. Rd8+ Nc8 130. Kd5 Ra3 131. Bb6 Kb7 132. Bd4 Kc7 133. Rh8 Ra6 134. Rh7+ Kd8 135. Bc5 Nb6+ 136. Ke4 Nd7 137. Bd6 Ke8 138. Kf5 Nxe5 139. Kxe5 Kd8 140. Ke6 Kc8 141. Rh8+ Kb7 142. Kd7 Ra8 143. Rh4 Kb6 144. Rb4+ Ka5 145. Rb3 Rh8 146. Kc6 Rh4 147. Ra3+ Ra4 148. Rh3 Rg4 149. Re3 Rh4 150. Kc5 Rh5+ 151. Be5 Ka4 152. Kc4 Ka5 153. Bd4 Ka4 154. Re7 Rg5 155. Re1 Rg3 156. Ra1+ Ra3 157. Rb1 Rh3 158. Rb6 Rh5 159. Ra6+ Ra5 160. Rh6 Rg5 161. Rh3 Rg4 162. Rh2 Rg3 163. Rh1 Rf3 164. Rh5 Rf4 165. Rh8 Rf5 166. Rh4 Ka5 167. Rh2 Ka6 168. Rh7 1-0

[Event "GBR-ch 111th"]
[Site "Liverpool"]
[Date "2025.08.07"]
[Round "6.17"]
[White "Fellowes, Billy"]
[Black "Fava, Lorenzo"]
[Result "0-1"]
[WhiteElo "2122"]
[BlackElo "2318"]
[PlyCount "86"]
[EventDate "2025.08.02"]
[EventType "swiss"]
[EventRounds "9"]
[EventCountry "GBR"]
[SourceTitle "BritBase"]
[Source "John Saunders"]
[SourceDate "2025.08.11"]
[SourceVersion "1"]
[SourceVersionDate "2025.08.11"]
[SourceQuality "1"]

1. e4 c5 2. Nf3 e6 3. Qe2 Nc6 4. c3 e5 5. g3 g6 6. Bg2 Bg7 7. O-O Nge7 8. d3 O-O 9. a4 d6 10. Nbd2 h6 11. Nc4 Be6 12. Re1 Qd7 13. a5 Rae8 14. Nfd2 f5 15. f3 f4 16. g4 Bf6 17. Rf1 Kf7 18. Nb3 h5 19. h3 hxg4 20. fxg4 g5 21. Nbd2 Rh8 22. Kf2 Rh6 23. Nf3 Ng6 24. Ke1 d5 25. exd5 Bxd5 26. Ncd2 Bxf3 27. Qxf3 e4 28. dxe4 Nh4 29. Qe2 Nxg2+ 30. Qxg2 Qd3 31. Rh1 Ne5 32. Qf1 Qc2 33. Kf2 Nd3+ 34. Kg1 Nxc1 35. Qxc1 Qd3 36. Qe1 Rxh3 37. Rxh3 Qxh3 38. Qe2 Rh8 39. Qg2 Qe3+ 40. Kf1 Rh3 41. Re1 Qd3+ 42. Re2 f3 43. Qxh3 fxe2+ 0-1

[Event "GBR-ch 111th"]
[Site "Liverpool"]
[Date "2025.08.07"]
[Round "6.18"]
[White "Yao, Lan"]
[Black "Murawski, Jan"]
[Result "1-0"]
[WhiteElo "2316"]
[BlackElo "2189"]
[PlyCount "87"]
[EventDate "2025.08.02"]
[EventType "swiss"]
[EventRounds "9"]
[EventCountry "GBR"]
[SourceTitle "BritBase"]
[Source "John Saunders"]
[SourceDate "2025.08.11"]
[SourceVersion "1"]
[SourceVersionDate "2025.08.11"]
[SourceQuality "1"]

1. e4 e5 2. Nf3 Nc6 3. Bc4 Bc5 4. d3 Nf6 5. Nc3 a6 6. Bg5 h6 7. Bh4 g5 8. Bg3 d6 9. Nd2 Na5 10. h4 Bg4 11. f3 Nxc4 12. Nxc4 Nh5 13. Bh2 Be6 14. g4 Nf4 15. Bxf4 gxf4 16. Qe2 h5 17. g5 f6 18. gxf6 Qxf6 19. O-O-O O-O-O 20. Na5 Rhg8 21. Kb1 Rg3 22. Na4 Be3 23. Qe1 Bd7 24. Nc3 Rxf3 25. Nd5 Qf7 26. Qb4 Bc6 27. Nxc6 bxc6 28. Nxe3 fxe3 29. Rhe1 Rg8 30. d4 exd4 31. Qxd4 Qf4 32. Qc4 Re8 33. Qxc6 Qxe4 34. Qxa6+ Qb7 35. Qc4 Rf5 36. Rxd6 Rfe5 37. Rd3 e2 38. a3 Qb6 39. Qf7 Qa5 40. Qd7+ Kb7 41. Rb3+ Ka7 42. Rb4 Re4 43. c4 R4e7 44. Qc6 1-0

[Event "GBR-ch 111th"]
[Site "Liverpool"]
[Date "2025.08.07"]
[Round "6.19"]
[White "Hebden, Mark L"]
[Black "Stoica, Savas Marin"]
[Result "1/2-1/2"]
[WhiteElo "2347"]
[BlackElo "2092"]
[PlyCount "46"]
[EventDate "2025.08.02"]
[EventType "swiss"]
[EventRounds "9"]
[EventCountry "GBR"]
[SourceTitle "BritBase"]
[Source "John Saunders"]
[SourceDate "2025.08.11"]
[SourceVersion "1"]
[SourceVersionDate "2025.08.11"]
[SourceQuality "1"]

1. d4 Nf6 2. Bg5 g6 3. Bxf6 exf6 4. e3 d5 5. Nd2 Bd6 6. Ne2 c6 7. c4 dxc4 8. Nxc4 Bc7 9. Nc3 O-O 10. Qc2 Be6 11. h4 h5 12. Rd1 Qe7 13. Be2 f5 14. g3 Nd7 15. O-O Nf6 16. Rfe1 Kg7 17. Bf1 Rac8 18. Qe2 Rfd8 19. a3 a5 20. Bg2 Ne4 21. Nxe4 fxe4 22. Rc1 Bd5 23. Red1 a4 1/2-1/2

[Event "GBR-ch 111th"]
[Site "Liverpool"]
[Date "2025.08.07"]
[Round "6.20"]
[White "Kovalskyi, Roman"]
[Black "Ledger, Andrew J"]
[Result "1/2-1/2"]
[WhiteElo "2180"]
[BlackElo "2323"]
[PlyCount "60"]
[EventDate "2025.08.02"]
[EventType "swiss"]
[EventRounds "9"]
[EventCountry "GBR"]
[SourceTitle "BritBase"]
[Source "John Saunders"]
[SourceDate "2025.08.11"]
[SourceVersion "1"]
[SourceVersionDate "2025.08.11"]
[SourceQuality "1"]

1. e4 c6 2. d4 d5 3. e5 Bf5 4. Nf3 e6 5. Be2 c5 6. c3 Nc6 7. O-O Bg6 8. Be3 cxd4 9. Nxd4 Nge7 10. f4 a6 11. Nd2 Rc8 12. N2b3 Nxd4 13. Bxd4 Nc6 14. Rc1 Be7 15. g4 Be4 16. Nd2 Nxd4 17. cxd4 Rxc1 18. Qxc1 O-O 19. Nxe4 dxe4 20. Qe3 Qb6 21. Qxe4 Rd8 22. Rd1 Rxd4 23. Rxd4 Bc5 24. Kh1 Bxd4 25. b3 g6 26. Bc4 a5 27. f5 gxf5 28. gxf5 exf5 29. Qd5 Qc6 30. Qxc6 bxc6 1/2-1/2

[Event "GBR-ch 111th"]
[Site "Liverpool"]
[Date "2025.08.07"]
[Round "6.21"]
[White "Brewer, Callum D"]
[Black "Hunt, Harriet V"]
[Result "0-1"]
[WhiteElo "2152"]
[BlackElo "2294"]
[PlyCount "120"]
[EventDate "2025.08.02"]
[EventType "swiss"]
[EventRounds "9"]
[EventCountry "GBR"]
[SourceTitle "BritBase"]
[Source "John Saunders"]
[SourceDate "2025.08.11"]
[SourceVersion "1"]
[SourceVersionDate "2025.08.11"]
[SourceQuality "1"]

1. e4 c5 2. Nf3 d6 3. Bb5+ Nd7 4. d4 cxd4 5. Qxd4 a6 6. Be2 Ngf6 7. O-O e5 8. Qe3 Nc5 9. Nfd2 Be7 10. c4 O-O 11. Nc3 b6 12. b4 Ne6 13. Nb3 a5 14. bxa5 bxa5 15. a4 Nf4 16. Kh1 Be6 17. Nd5 Nxe2 18. Qxe2 Nxd5 19. cxd5 Bc8 20. Re1 Qb6 21. Qe3 Qa6 22. Qc3 Bd7 23. Be3 Rfc8 24. Qd2 Rc4 25. Rac1 Bd8 26. f3 Bxa4 27. Qa2 Bb5 28. h3 Rac8 29. Rxc4 Bxc4 30. Qa4 Qb5 31. Qxb5 Bxb5 32. Ra1 a4 33. Nd2 Kf8 34. Rb1 Bd7 35. Rb7 Ke8 36. Ra7 Rc3 37. Bg1 Bg5 38. Ra8+ Bc8 39. Nb1 Rc1 40. Kh2 Ke7 41. Na3 Bd7 42. Bb6 Rc8 43. Ra7 Bf4+ 44. g3 Bc1 45. Nb5 Rc2+ 46. Kh1 Rb2 47. Nxd6 Kxd6 48. Bc7+ Ke7 49. Bxe5 Rb1 50. Kg2 Bb2 51. Bc7 Bd4 52. Ra8 Rb2+ 53. Kh1 Bxh3 54. Rxa4 Bg2+ 55. Kh2 Bxf3+ 56. Kh3 Rd2 57. Bf4 Rd1 58. g4 Bxe4 59. d6+ Kd7 60. Rc4 Bc6 0-1

[Event "GBR-ch 111th"]
[Site "Liverpool"]
[Date "2025.08.07"]
[Round "6.22"]
[White "Davies, Nigel R"]
[Black "Kanyamarala, Trisha"]
[Result "1-0"]
[WhiteElo "2291"]
[BlackElo "2178"]
[PlyCount "75"]
[EventDate "2025.08.02"]
[EventType "swiss"]
[EventRounds "9"]
[EventCountry "GBR"]
[SourceTitle "BritBase"]
[Source "John Saunders"]
[SourceDate "2025.08.11"]
[SourceVersion "1"]
[SourceVersionDate "2025.08.11"]
[SourceQuality "1"]

1. d4 Nf6 2. Nf3 d5 3. c4 e6 4. Nc3 Bb4 5. cxd5 exd5 6. Bg5 h6 7. Bh4 O-O 8. e3 Bf5 9. Be2 Nbd7 10. Qb3 Bxc3+ 11. Qxc3 c6 12. Nd2 Qb6 13. O-O a5 14. b3 Rac8 15. Rfc1 g5 16. Bg3 c5 17. a4 Qe6 18. Bb5 b6 19. dxc5 Rxc5 20. Qb2 Rfc8 21. Nf3 Ne4 22. Rxc5 bxc5 23. Bxd7 Qxd7 24. Nd2 Nxg3 25. hxg3 c4 26. Rc1 Bd3 27. Qc3 Qd8 28. Nf3 f6 29. Nd4 Kf7 30. b4 axb4 31. Qxb4 Rb8 32. Qa3 Qb6 33. Nb5 Ra8 34. Ra1 Ra5 35. Qb4 Qa6 36. Nc7 Qa7 37. Qd6 Rxa4 38. Qd7+ 1-0

[Event "GBR-ch 111th"]
[Site "Liverpool"]
[Date "2025.08.07"]
[Round "6.23"]
[White "Boswell, Jacob Connor"]
[Black "Bradbury, Neil H"]
[Result "1-0"]
[WhiteElo "2278"]
[BlackElo "2137"]
[PlyCount "79"]
[EventDate "2025.08.02"]
[EventType "swiss"]
[EventRounds "9"]
[EventCountry "GBR"]
[SourceTitle "BritBase"]
[Source "John Saunders"]
[SourceDate "2025.08.11"]
[SourceVersion "1"]
[SourceVersionDate "2025.08.11"]
[SourceQuality "1"]

1. d4 Nf6 2. Nf3 e6 3. c3 d5 4. Bg5 c5 5. e3 Nc6 6. Bd3 Be7 7. Nbd2 Qb6 8. Qc2 h6 9. Bh4 Bd7 10. Rd1 Rc8 11. Qb1 Qd8 12. O-O O-O 13. dxc5 g5 14. Bg3 Bxc5 15. e4 Nh5 16. exd5 Nxg3 17. hxg3 exd5 18. Nb3 Ne7 19. Nxc5 Rxc5 20. Nd4 Qb6 21. Rfe1 Qf6 22. Re3 Rcc8 23. Rde1 Nc6 24. Rf3 Qg7 25. Nf5 Bxf5 26. Bxf5 Rcd8 27. Rfe3 Qf6 28. Bd3 a6 29. Qc1 Rd6 30. Bb1 Re6 31. Qd1 Rxe3 32. Rxe3 Rd8 33. Rf3 Qg7 34. Qb3 Re8 35. Bd3 Re1+ 36. Bf1 Qe5 37. Qxb7 Ne7 38. Qxa6 Kg7 39. Qd3 Nc6 40. Re3 1-0

[Event "GBR-ch 111th"]
[Site "Liverpool"]
[Date "2025.08.07"]
[Round "6.24"]
[White "Adams, Henry"]
[Black "Pert, Max P"]
[Result "1-0"]
[WhiteElo "2114"]
[BlackElo "2263"]
[PlyCount "87"]
[EventDate "2025.08.02"]
[EventType "swiss"]
[EventRounds "9"]
[EventCountry "GBR"]
[SourceTitle "BritBase"]
[Source "John Saunders"]
[SourceDate "2025.07.03"]
[SourceVersion "1"]
[SourceVersionDate "2025.07.03"]
[SourceQuality "1"]

1. d4 d5 2. c4 e6 3. g3 Nf6 4. Bg2 Be7 5. Nf3 Ne4 6. O-O f5 7. Nc3 c6 8. Ne1 O-O 9. Nxe4 fxe4 10. f3 exf3 11. Nxf3 Bf6 12. Qc2 c5 13. dxc5 d4 14. Nd2 Be7 15. Rxf8+ Qxf8 16. Ne4 Bxc5 17. Nxc5 Qxc5 18. e3 Nc6 19. Qd3 e5 20. Be4 g6 21. exd4 Nxd4 22. Be3 Be6 23. Bxd4 Qxd4+ 24. Qxd4 exd4 25. b3 Rd8 26. Bxb7 Bg4 27. Bd5+ Kg7 28. h3 Be2 29. Kf2 d3 30. Ke3 Re8+ 31. Kd2 Kf6 32. Re1 Re5 33. Bg2 Rg5 34. g4 h5 35. Bf1 hxg4 36. Bxe2 dxe2 37. hxg4 Rxg4 38. Rxe2 a5 39. Kd3 Rg1 40. c5 Rc1 41. Rc2 Rd1+ 42. Kc4 Ke5 43. Kb5 Rd8 44. c6 1-0

[Event "GBR-ch 111th"]
[Site "Liverpool"]
[Date "2025.08.07"]
[Round "6.25"]
[White "Dickenson, Neil F"]
[Black "Crawford, Owen"]
[Result "1-0"]
[WhiteElo "2247"]
[BlackElo "2125"]
[PlyCount "71"]
[EventDate "2025.08.02"]
[EventType "swiss"]
[EventRounds "9"]
[EventCountry "GBR"]
[SourceTitle "BritBase"]
[Source "John Saunders"]
[SourceDate "2025.08.11"]
[SourceVersion "1"]
[SourceVersionDate "2025.08.11"]
[SourceQuality "1"]

1. d4 Nf6 2. c4 g6 3. Nc3 Bg7 4. e4 d6 5. f4 O-O 6. Nf3 c5 7. dxc5 Qa5 8. Bd3 Qxc5 9. Qe2 Bg4 10. Be3 Qa5 11. O-O Nc6 12. Rac1 Nd7 13. Bb1 Nc5 14. Qf2 Bxf3 15. gxf3 Na4 16. Nxa4 Qxa4 17. Rfd1 b6 18. Qg2 Rac8 19. f5 Ne5 20. b3 Qa3 21. Bg5 Rc7 22. Kh1 Rfc8 23. f4 Nc6 24. fxg6 fxg6 25. e5 e6 26. exd6 Rd7 27. h4 Rxd6 28. h5 Rxd1+ 29. Rxd1 Qc5 30. hxg6 h6 31. Qh3 Nd4 32. Rxd4 hxg5 33. Qxe6+ Kh8 34. Rd2 Qf8 35. Rh2+ Bh6 36. g7+ 1-0

[Event "GBR-ch 111th"]
[Site "Liverpool"]
[Date "2025.08.07"]
[Round "6.26"]
[White "Chan, Sheng Liang Bernard"]
[Black "Richardson, John R"]
[Result "1/2-1/2"]
[WhiteElo "2098"]
[BlackElo "2246"]
[PlyCount "82"]
[EventDate "2025.08.02"]
[EventType "swiss"]
[EventRounds "9"]
[EventCountry "GBR"]
[SourceTitle "BritBase"]
[Source "John Saunders"]
[SourceDate "2025.08.11"]
[SourceVersion "1"]
[SourceVersionDate "2025.08.11"]
[SourceQuality "1"]

1. d4 Nf6 2. Bf4 d5 3. e3 c5 4. c3 Nc6 5. Nd2 Bf5 6. Qb3 Qd7 7. Ngf3 c4 8. Qd1 e6 9. Be2 b5 10. Nh4 Bd6 11. g4 Be4 12. f3 Bg6 13. Bg3 Rb8 14. a3 a5 15. Kf2 O-O 16. g5 Ne8 17. Nxg6 fxg6 18. Kg2 b4 19. axb4 axb4 20. Ra2 Nc7 21. Bxd6 Qxd6 22. f4 Nb5 23. Qa1 e5 24. dxe5 Nxe5 25. Ra6 Qc5 26. Nf1 Nd3 27. h4 Nc7 28. Ra5 Qb6 29. Bf3 Nxb2 30. cxb4 Qxb4 31. h5 gxh5 32. Rxh5 d4 33. Ra7 Qb6 34. Ng3 g6 35. Bd5+ Nxd5 36. Rhxh7 Nxe3+ 37. Kg1 Rxf4 38. Rag7+ Kf8 39. Rc7 Kg8 40. Rcg7+ Kf8 41. Rc7 Kg8 1/2-1/2

[Event "GBR-ch 111th"]
[Site "Liverpool"]
[Date "2025.08.07"]
[Round "6.27"]
[White "Malinovskii, Ilia"]
[Black "Khoury, Theo"]
[Result "1/2-1/2"]
[WhiteElo "2075"]
[BlackElo "2239"]
[PlyCount "91"]
[EventDate "2025.08.02"]
[EventType "swiss"]
[EventRounds "9"]
[EventCountry "GBR"]
[SourceTitle "BritBase"]
[Source "John Saunders"]
[SourceDate "2025.08.11"]
[SourceVersion "1"]
[SourceVersionDate "2025.08.11"]
[SourceQuality "1"]

1. e4 c5 2. Nf3 d6 3. d4 cxd4 4. Qxd4 Nc6 5. Qe3 g6 6. Be2 Bg7 7. O-O Nf6 8. h3 O-O 9. Rd1 Bd7 10. Nc3 a6 11. Nd5 b5 12. c3 Nxd5 13. exd5 Ne5 14. Nd4 Nc4 15. Bxc4 bxc4 16. Qe4 Re8 17. Nc6 Bxc6 18. dxc6 Rc8 19. Be3 Qc7 20. Qxc4 Qxc6 21. Qxc6 Rxc6 22. Bd4 e5 23. Be3 Rb8 24. b3 e4 25. Bd4 Bxd4 26. Rxd4 Rxc3 27. Rxd6 a5 28. Rd4 e3 29. fxe3 Rxe3 30. Rad1 Kg7 31. Rd7 Rb6 32. Rf1 Rf6 33. Rxf6 Kxf6 34. Rd6+ Kf5 35. Kf2 Re5 36. Kf3 h5 37. Rb6 Rc5 38. a4 Ke5 39. b4 Rc3+ 40. Kf2 axb4 41. Rb5+ Kf6 42. Rxb4 Ra3 43. Rb6+ Kg5 44. Rb5+ Kf4 45. Rb4+ Kf5 46. Rb5+ 1/2-1/2

[Event "GBR-ch 111th"]
[Site "Liverpool"]
[Date "2025.08.07"]
[Round "6.28"]
[White "Verbytski, Oleg"]
[Black "Sivanandan, Bodhana"]
[Result "1/2-1/2"]
[WhiteElo "2001"]
[BlackElo "2216"]
[PlyCount "118"]
[EventDate "2025.08.02"]
[EventType "swiss"]
[EventRounds "9"]
[EventCountry "GBR"]
[SourceTitle "BritBase"]
[Source "John Saunders"]
[SourceDate "2025.08.11"]
[SourceVersion "1"]
[SourceVersionDate "2025.08.11"]
[SourceQuality "1"]

1. e4 e5 2. Nf3 Nf6 3. Nxe5 d6 4. Nf3 Nxe4 5. Nc3 Nxc3 6. dxc3 Be7 7. Bd3 Nd7 8. Be3 Nf6 9. Qd2 O-O 10. O-O-O Re8 11. h3 Bd7 12. Rhg1 c5 13. g4 Bc6 14. Nh4 c4 15. g5 cxd3 16. gxf6 Bxf6 17. Nf5 Be4 18. Nh6+ Kf8 19. cxd3 Bf3 20. Rde1 Qa5 21. Kb1 Bd5 22. a3 Be6 23. Ng4 Bh4 24. Bd4 Qh5 25. Qf4 f6 26. Qxd6+ Kf7 27. Ne5+ fxe5 28. Rxe5 g5 29. Rf5+ Kg8 30. Qc7 Bf7 31. f4 h6 32. fxg5 Re1+ 33. Rxe1 Bxe1 34. c4 Re8 35. Re5 Qg6 36. Kc2 Bh4 37. gxh6 Qxh6 38. Qd7 Rxe5 39. Bxe5 Qe6 40. Qd4 Be7 41. h4 a6 42. Qg1+ Kf8 43. Qg7+ Ke8 44. h5 Qh3 45. Qh8+ Kd7 46. Qb8 Qg2+ 47. Kb3 Qf3 48. Qc7+ Ke6 49. Kc3 Bxh5 50. Bd4 Bg6 51. Qe5+ Kd7 52. Qe3 Qxe3 53. Bxe3 Bf6+ 54. d4 Kc6 55. Bf4 Kd7 56. Bb8 Ke6 57. Bc7 Kf5 58. Bb6 Ke4 59. a4 Be8 1/2-1/2

[Event "GBR-ch 111th"]
[Site "Liverpool"]
[Date "2025.08.07"]
[Round "6.29"]
[White "Chopra, Manmay"]
[Black "Pereslavtsev, Alexandr"]
[Result "1-0"]
[WhiteElo "2188"]
[BlackElo "2079"]
[PlyCount "167"]
[EventDate "2025.08.02"]
[EventType "swiss"]
[EventRounds "9"]
[EventCountry "GBR"]
[SourceTitle "BritBase"]
[Source "John Saunders"]
[SourceDate "2025.08.11"]
[SourceVersion "1"]
[SourceVersionDate "2025.08.11"]
[SourceQuality "1"]

1. Nf3 Nf6 2. g3 g6 3. Bg2 Bg7 4. O-O O-O 5. d4 c5 6. dxc5 Na6 7. Be3 Qa5 8. Qd2 Qxd2 9. Nbxd2 Nb4 10. Rfc1 Nc6 11. Nc4 Ng4 12. c3 b5 13. cxb6 Ba6 14. Nfd2 Nxe3 15. Nxe3 axb6 16. Nd5 Rab8 17. e3 Rfc8 18. Bf1 Bxf1 19. Kxf1 e6 20. Nf4 b5 21. Nd3 d5 22. Rc2 Ra8 23. a3 Na5 24. Nb4 Rc7 25. Rd1 Rac8 26. Nf3 Nb3 27. Re2 Nc5 28. Nd3 Ne4 29. Rc2 g5 30. h3 h6 31. Ra1 Ra7 32. Nd2 Nd6 33. Re1 f5 34. f3 Rf7 35. Kg2 Rd7 36. Nf2 Kf7 37. Rcc1 Rb7 38. g4 Ke7 39. e4 fxe4 40. fxe4 d4 41. e5 Nc4 42. cxd4 Rbc7 43. Nxc4 Rxc4 44. Nd3 Kf7 45. Red1 R8c7 46. Kf3 Bf8 47. Ke3 Rd7 48. Rxc4 bxc4 49. Rf1+ Kg7 50. Nc1 Rb7 51. Rf2 Be7 52. Rc2 Bd8 53. Ke4 Rb5 54. b4 cxb3 55. Rb2 Be7 56. Rxb3 Ra5 57. Nd3 Bxa3 58. Rc3 Be7 59. Rc7 Kf8 60. Rc2 Ke8 61. Ke3 Kd7 62. Nf2 Ra3+ 63. Ke4 Bf8 64. Nd3 Be7 65. Rc4 Ra5 66. Rc3 Bf8 67. Nb2 Rb5 68. Nc4 Be7 69. Ne3 Rb4 70. Rc4 Rb5 71. Ra4 Rb7 72. d5 Bc5 73. dxe6+ Kxe6 74. Ra6+ Rb6 75. Rxb6+ Bxb6 76. Nf5 Bc7 77. Nd4+ Kf7 78. Kf5 Bb6 79. Nc6 Be3 80. e6+ Ke8 81. Kg6 Bf4 82. Kxh6 Bc1 83. Kg6 Bd2 84. Kf5 1-0

[Event "GBR-ch 111th"]
[Site "Liverpool"]
[Date "2025.08.07"]
[Round "6.30"]
[White "Hobson, Kenneth"]
[Black "Eames, Robert S"]
[Result "0-1"]
[WhiteElo "2361"]
[BlackElo "2136"]
[PlyCount "100"]
[EventDate "2025.08.02"]
[EventType "swiss"]
[EventRounds "9"]
[EventCountry "GBR"]
[SourceTitle "BritBase"]
[Source "John Saunders"]
[SourceDate "2025.08.11"]
[SourceVersion "1"]
[SourceVersionDate "2025.08.11"]
[SourceQuality "1"]

1. e4 c5 2. Nf3 Nc6 3. Bb5 d5 4. exd5 Qxd5 5. Nc3 Qe6+ 6. Be2 Nd4 7. Nxd4 cxd4 8. Nb5 Qd7 9. O-O a6 10. Na3 b5 11. Re1 e6 12. c3 d3 13. Bf1 Bb7 14. Re3 Nf6 15. Rxd3 Qc7 16. Rh3 Bd6 17. d4 h5 18. Be2 O-O-O 19. Bg5 Rdg8 20. Bxf6 gxf6 21. Bf3 Rg5 22. Nc2 Rhg8 23. Ne1 f5 24. a4 b4 25. cxb4 Kb8 26. b5 a5 27. Bxb7 Qxb7 28. Qf3 Qe4 29. Kf1 Rc8 30. Qxe4 fxe4 31. Rc3 Rcg8 32. g3 h4 33. Nc2 hxg3 34. hxg3 Rd5 35. Ke2 Rd8 36. Rd1 e5 37. Rc4 Bf8 38. g4 Bg7 39. Ke3 Kb7 40. Kxe4 exd4 41. Kd3 Rh8 42. Rc6 Rh3+ 43. Kc4 Rg5 44. Ne1 d3 45. f3 Rh1 46. Kxd3 Rd5+ 47. Kc2 Rh2+ 48. Kb3 Rxb2+ 49. Kc4 Rxd1 50. Nd3 Rc2+ 0-1